Basic Electrical Engineering (Record no. 320608)

MARC details
000 -LEADER
fixed length control field 00477nam a2200169Ia 4500
008 - FIXED-LENGTH DATA ELEMENTS--GENERAL INFORMATION
fixed length control field 230718s9999 xx 000 0 und d
041 ## - LANGUAGE CODE
Language code of text/sound track or separate title eng
082 ## - DEWEY DECIMAL CLASSIFICATION NUMBER
Classification number 621.37
Item number MEH
100 ## - MAIN ENTRY--PERSONAL NAME
Personal name Mehta V.K.
245 ## - TITLE STATEMENT
Title Basic Electrical Engineering
Remainder of title For B.E./B.Tech. And Other Engineering Examinations
250 ## - EDITION STATEMENT
Edition statement 5th ed.
260 ## - PUBLICATION, DISTRIBUTION, ETC. (IMPRINT)
Name of publisher, distributor, etc. S. Chand & Company Ltd.
300 ## - PHYSICAL DESCRIPTION
Extent 903
365 ## - TRADE PRICE
Currency code Rs.
Price amount 350.00
700 ## - ADDED ENTRY--PERSONAL NAME
Personal name Mehta V.K. & Mehta. R.
906 ## - LOCAL DATA ELEMENT F, LDF (RLIN)
d B:694912-Dec-2008
c SS
b 119
Holdings
Withdrawn status Lost status Damaged status Not for loan Home library Current library Date acquired Vendor Budget Code Cost, normal purchase price Bill number Total Checkouts Full call number Barcode Date last seen Date last checked out Discount Cost, replacement price Bill Date Koha item type Original Barcode
        Cummins College of Engineering for Women Pune Cummins College of Engineering for Women Pune 27/02/2009 Tbs SS 290.50 6949 8 621.37 CCEP-BK-31815 09/01/2026 16/12/2025 119 350.00 12/12/2008 Books 031815